Statistics for English football teams: W

Click here to take the quiz!

General Stats

  • This quiz has been taken 33 times
  • The average score is 5 of 7

Answer Stats

HintAnswer% Correct
PWest Ham
93%
PWolverhampton Wanderers
93%
PWatford
87%
CWest Bromwich Albion
77%
1Wycombe
67%
2Walsall
63%
1Wigan
63%

Score Distribution

Percentile by Number Answered

Percent of People with Each Score

Your Score History

You have not taken this quiz